[Event "Berlin-ch Seniors op 37th"]
[Site "Berlin"]
[Date "2021.06.16"]
[Round "9"]
[White "Bremer, Helmut"]
[Black "Poeltelt, Helmut"]
[Result "0-1"]
[WhiteElo "1431"]
[BlackElo "1705"]
[PlyCount "62"]
[EventDate "2021.06.08"]
[EventType "swiss"]
[EventRounds "9"]
[EventCountry "GER"]
[SourceTitle "EXT 2022"]
[Source "ChessBase"]
[SourceDate "2021.10.06"]
[SourceVersion "1"]
[SourceVersionDate "2021.10.06"]
[SourceQuality "1"]

1. e4 c5 2. Nf3 d6 3. d4 cxd4 4. Qxd4 Nc6 5. Bb5 Bd7 6. 0-0 Nxd4 7. Nxd4 Nf6 8. Nc3 a6 9. Bd3 e6 10. Bg5 Be7 11. Nf3 h6 12. Bd2 0-0 13. h3 b5 14. Ne2 Bc6 15. Nh2 Bxe4 16. Nd4 Bxd3 17. cxd3 Qd7 18. f4 Nd5 19. Rf3 Qa7 20. Kh1 Qxd4 21. Bc1 Rac8 22. f5 exf5 23. Rg3 Kh7 24. Nf3 Qf2 25. Kh2 f4 26. Rg4 f5 27. Rxf4 Nxf4 28. Bxf4 g5 29. Bd2 Rc2 30. Re1 Rf7 31. Rg1 Rxd2 0-1

[Event "Berlin-ch Seniors op 37th"]
[Site "Berlin"]
[Date "2021.06.15"]
[Round "8"]
[White "Poeltelt, Helmut"]
[Black "Schoenfeld, Anke"]
[Result "0-1"]
[WhiteElo "1705"]
[BlackElo "1570"]
[PlyCount "104"]
[EventDate "2021.06.08"]
[EventType "swiss"]
[EventRounds "9"]
[EventCountry "GER"]
[SourceTitle "EXT 2022"]
[Source "ChessBase"]
[SourceDate "2021.10.06"]
[SourceVersion "1"]
[SourceVersionDate "2021.10.06"]
[SourceQuality "1"]

1. e4 e5 2. Nf3 d6 3. d4 exd4 4. Nxd4 Be7 5. Nc3 Nf6 6. Bb5+ Bd7 7. Qe2 a6 8. Bxd7+ Qxd7 9. Nf5 0-0 10. Nxe7+ Qxe7 11. Bg5 Qe6 12. 0-0-0 Nc6 13. Kb1 Rfe8 14. f3 Ne5 15. Rhe1 Rac8 16. h3 h6 17. Bc1 Ng6 18. Qf2 b5 19. g4 Qc4 20. Rd4 Qc5 21. Qd2 Ne5 22. Rf1 Nc6 23. Rd3 Nb4 24. Re3 d5 25. exd5 Nbxd5 26. Rxe8+ Rxe8 27. Ne4 Qc4 28. b3 Qxf1 29. a3 Qxf3 30. Nc5 Nc3+ 31. Kb2 Nfd5 32. g5 hxg5 33. Qxg5 Qxh3 34. Nxa6 c6 35. Nc5 Nd1+ 36. Kb1 Qc3 37. Nd3 N5e3 38. Bxe3 Nxe3 39. Qc5 Qxc5 40. Nxc5 Nd5 41. Kc1 g5 42. Kd2 Kg7 43. a4 bxa4 44. bxa4 g4 45. Nd3 f5 46. a5 f4 47. c4 Nc7 48. Nxf4 Kf6 49. Ne2 Kg5 50. Ke1 Re4 51. Kf2 Rxc4 52. Ng3 Ra4 0-1

[Event "Berlin-ch Seniors op 37th"]
[Site "Berlin"]
[Date "2021.06.12"]
[Round "5"]
[White "Becker, Werner"]
[Black "Poeltelt, Helmut"]
[Result "0-1"]
[WhiteElo "1772"]
[BlackElo "1705"]
[PlyCount "86"]
[EventDate "2021.06.08"]
[EventType "swiss"]
[EventRounds "9"]
[EventCountry "GER"]
[SourceTitle "EXT 2022"]
[Source "ChessBase"]
[SourceDate "2021.10.06"]
[SourceVersion "1"]
[SourceVersionDate "2021.10.06"]
[SourceQuality "1"]

1. d4 d5 2. c4 Bf5 3. cxd5 Bxb1 4. Qa4+ Qd7 5. Qxd7+ Nxd7 6. Rxb1 Ngf6 7. g3 Nxd5 8. Bg2 e6 9. a3 c6 10. e3 Be7 11. Ne2 0-0 12. 0-0 Rac8 13. Bd2 c5 14. Bxd5 exd5 15. Rfc1 Bf6 16. dxc5 Rxc5 17. Rxc5 Nxc5 18. Bc3 Ne4 19. Rd1 Bxc3 20. Nxc3 Nxc3 21. bxc3 Rc8 22. Rxd5 Kf8 23. Rd7 Rxc3 24. a4 Rb3 25. Kf1 a5 26. Rd5 Rb6 27. Ke2 Ke7 28. Kd1 Ke6 29. Rd4 Rb2 30. Rd2 Rb4 31. Ra2 Kd5 32. f3 Kc4 33. Kc2 Rb3 34. Rb2 Rxb2+ 35. Kxb2 Kb4 36. f4 Kxa4 37. f5 Kb5 38. Kb3 Kc5 39. h4 Kd5 40. g4 Ke4 41. h5 h6 42. f6 gxf6 43. g5 fxg5 0-1

[Event "Berlin-ch Seniors op 37th"]
[Site "Berlin"]
[Date "2021.06.11"]
[Round "4"]
[White "Schikowski, Karl Heinz"]
[Black "Poeltelt, Helmut"]
[Result "0-1"]
[WhiteElo "1047"]
[BlackElo "1705"]
[PlyCount "68"]
[EventDate "2021.06.08"]
[EventType "swiss"]
[EventRounds "9"]
[EventCountry "GER"]
[SourceTitle "EXT 2022"]
[Source "ChessBase"]
[SourceDate "2021.10.06"]
[SourceVersion "1"]
[SourceVersionDate "2021.10.06"]
[SourceQuality "1"]

1. e4 c5 2. Nf3 d6 3. d4 cxd4 4. Qxd4 Nc6 5. Qd1 Nf6 6. Bd3 a6 7. Nc3 Bg4 8. h3 Bd7 9. Nd5 Nxd5 10. exd5 Qa5+ 11. c3 Qxd5 12. h4 Ne5 13. Nxe5 Qxe5+ 14. Be3 Bc6 15. 0-0 e6 16. Qd2 Qd5 17. f3 Be7 18. b3 Qa5 19. a4 Bxh4 20. Bf2 Bf6 21. b4 Qc7 22. a5 0-0 23. Bg3 Qd7 24. Bxd6 Rfd8 25. Qf4 Qxd6 26. Qxd6 Rxd6 27. Rad1 Rad8 28. Bc2 Bxc3 29. Rc1 Bxb4 30. Be4 Bb5 31. Rfe1 Bxe1 32. Rxe1 Rd1 33. Rxd1 Rxd1+ 34. Kf2 Rd7 0-1

[Event "MVP-ch Seniors op 19th"]
[Site "Ostseebad Binz"]
[Date "2019.11.30"]
[Round "4"]
[White "Poeltelt, Helmut"]
[Black "Oppermann, Peter"]
[Result "0-1"]
[WhiteElo "1717"]
[BlackElo "1830"]
[PlyCount "110"]
[EventDate "2019.11.27"]
[EventType "swiss"]
[EventRounds "9"]
[EventCountry "GER"]
[SourceTitle "EXT 2021"]
[Source "ChessBase"]
[SourceDate "2020.10.23"]
[SourceVersion "1"]
[SourceVersionDate "2020.10.23"]
[SourceQuality "1"]

1. e4 e6 2. d4 d5 3. Nd2 Nf6 4. e5 Nfd7 5. Ndf3 c5 6. c3 Nc6 7. Bb5 Qb6 8. Qa4 a6 9. Bxc6 bxc6 10. Ne2 cxd4 11. Nexd4 Bb7 12. 0-0 c5 13. Ne2 Bc6 14. Qf4 h6 15. Ng3 g5 16. Qg4 d4 17. Re1 Bxf3 18. Qxf3 Ra7 19. Nh5 Be7 20. Rb1 dxc3 21. Qxc3 Qb4 22. Qxb4 cxb4 23. b3 0-0 24. Be3 Rc7 25. Bd4 Rfc8 26. Kf1 Rc2 27. Re2 Kh7 28. Rxc2 Rxc2 29. Rb2 Rc1+ 30. Ke2 Bc5 31. Bxc5 Rxc5 32. Rd2 Nxe5 33. Nf6+ Kg6 34. Ne4 Rc6 35. f3 f5 36. Nf2 h5 37. h3 Kf6 38. g4 hxg4 39. hxg4 Rc3 40. gxf5 exf5 41. Nd3 Nxd3 42. Rxd3 Rc2+ 43. Rd2 Rxd2+ 44. Kxd2 Ke5 45. Kd3 Kd5 46. Ke3 a5 47. Kd3 f4 48. Ke2 Ke5 49. Kd3 Kf5 50. Ke2 g4 51. fxg4+ Kxg4 52. Kf2 f3 53. Kf1 Kf4 54. Kf2 Ke4 55. Kf1 Kd3 0-1

[Event "MVP-ch Seniors op 19th"]
[Site "Ostseebad Binz"]
[Date "2019.11.28"]
[Round "2"]
[White "Poeltelt, Helmut"]
[Black "Kremser, Ulrich"]
[Result "1-0"]
[WhiteElo "1717"]
[BlackElo "1452"]
[PlyCount "65"]
[EventDate "2019.11.27"]
[EventType "swiss"]
[EventRounds "9"]
[EventCountry "GER"]
[SourceTitle "EXT 2021"]
[Source "ChessBase"]
[SourceDate "2020.10.23"]
[SourceVersion "1"]
[SourceVersionDate "2020.10.23"]
[SourceQuality "1"]

1. e4 e5 2. Nf3 Nc6 3. Bb5 a6 4. Ba4 Nf6 5. 0-0 b5 6. Bb3 Nxe4 7. Re1 d5 8. d3 Nf6 9. Nxe5 Nxe5 10. Rxe5+ Be6 11. Bg5 Bd6 12. Re1 0-0 13. h3 Be7 14. Nd2 Qd7 15. Qf3 c5 16. c3 c4 17. Bc2 Rab8 18. a3 Rbd8 19. d4 h6 20. Bh4 Nh7 21. Bxe7 Qxe7 22. Nf1 Ng5 23. Qh5 f5 24. Qe2 Qf6 25. h4 Ne4 26. f3 Qxh4 27. fxe4 fxe4 28. g3 Qg5 29. Qe3 Qg6 30. Nh2 Bh3 31. Rad1 Rf3 32. Qxf3 exf3 33. Bxg6 1-0

[Event "MVP-ch Seniors op 19th"]
[Site "Ostseebad Binz"]
[Date "2019.11.27"]
[Round "1"]
[White "Lehmann, Erwin"]
[Black "Poeltelt, Helmut"]
[Result "1-0"]
[WhiteElo "1989"]
[BlackElo "1717"]
[PlyCount "81"]
[EventDate "2019.11.27"]
[EventType "swiss"]
[EventRounds "9"]
[EventCountry "GER"]
[SourceTitle "EXT 2021"]
[Source "ChessBase"]
[SourceDate "2020.10.23"]
[SourceVersion "1"]
[SourceVersionDate "2020.10.23"]
[SourceQuality "1"]

1. c4 e6 2. g3 d5 3. Bg2 Nf6 4. Nf3 Nbd7 5. 0-0 dxc4 6. Qa4 Bd6 7. Qxc4 0-0 8. d4 e5 9. Nc3 exd4 10. Nxd4 Ne5 11. Qa4 c6 12. Bf4 Nh5 13. Rad1 Qc7 14. Ndb5 cxb5 15. Nxb5 Qc4 16. Qxc4 Nxc4 17. Bxd6 Nxd6 18. Nxd6 Rb8 19. e4 Be6 20. e5 b6 21. f4 g6 22. h3 Nxg3 23. Rf3 Nf5 24. Rc3 Nxd6 25. Rxd6 Rfd8 26. b3 Kf8 27. Kf2 Ke7 28. Rc7+ Rd7 29. Rdxd7+ Bxd7 30. Bc6 Rd8 31. Rxa7 Ke6 32. Bxd7+ Rxd7 33. Rxd7 Kxd7 34. Ke3 h6 35. a4 Ke6 36. Ke4 h5 37. b4 h4 38. b5 Ke7 39. Kf3 f6 40. exf6+ Kxf6 41. a5 1-0

[Event "Berlin Lichtenberger op 18th"]
[Site "Berlin"]
[Date "2019.08.21"]
[Round "5"]
[White "Krawatzki, Armin"]
[Black "Poeltelt, Helmut"]
[Result "1/2-1/2"]
[WhiteElo "1637"]
[BlackElo "1746"]
[PlyCount "38"]
[EventDate "2019.08.17"]
[EventType "swiss"]
[EventRounds "9"]
[EventCountry "GER"]
[SourceTitle "EXT 2020"]
[Source "ChessBase"]
[SourceDate "2019.10.17"]
[SourceVersion "1"]
[SourceVersionDate "2019.10.17"]
[SourceQuality "1"]

1. d4 d5 2. Nc3 c6 3. Bf4 Bf5 4. f3 Nf6 5. g4 Bg6 6. h4 h6 7. e3 e6 8. Bd3 Bxd3 9. Qxd3 Bd6 10. Nge2 Qc7 11. 0-0-0 Nbd7 12. Bxd6 Qxd6 13. g5 Nh5 14. f4 g6 15. Rhf1 0-0-0 16. e4 Ng7 17. Ng3 hxg5 18. e5 Qe7 19. hxg5 Rh3 1/2-1/2

[Event "Berlin Lichtenberger op 18th"]
[Site "Berlin"]
[Date "2019.08.19"]
[Round "3"]
[White "Poeltelt, Helmut"]
[Black "Eichstaedt, Torsten"]
[Result "1-0"]
[WhiteElo "1746"]
[BlackElo "1401"]
[PlyCount "49"]
[EventDate "2019.08.17"]
[EventType "swiss"]
[EventRounds "9"]
[EventCountry "GER"]
[SourceTitle "EXT 2020"]
[Source "ChessBase"]
[SourceDate "2019.10.17"]
[SourceVersion "1"]
[SourceVersionDate "2019.10.17"]
[SourceQuality "1"]

1. e4 e5 2. Nf3 Nf6 3. Nc3 Nc6 4. d4 d6 5. d5 Ne7 6. Bb5+ Bd7 7. Bxd7+ Qxd7 8. 0-0 g6 9. Bg5 Bg7 10. Qd2 h6 11. Bxf6 Bxf6 12. Rad1 g5 13. Ne2 Ng6 14. Qb4 b6 15. Ng3 a5 16. Qc4 Nh4 17. Rd3 h5 18. Nxh4 gxh4 19. Nf5 Rg8 20. h3 Rg6 21. Rc3 Ra7 22. Qe2 Rg5 23. Rc6 Kd8 24. Qf3 Kc8 25. Nxd6+ 1-0

[Event "GER-ch Seniors 65 31st"]
[Site "Radebeul"]
[Date "2019.04.28"]
[Round "3"]
[White "Baumast, Bernd"]
[Black "Poeltelt, Helmut"]
[Result "1/2-1/2"]
[WhiteElo "1534"]
[BlackElo "1711"]
[PlyCount "51"]
[EventDate "2019.04.26"]
[EventType "swiss"]
[EventRounds "9"]
[EventCountry "GER"]
[SourceTitle "CBM 190 Extra"]
[Source "ChessBase"]
[SourceDate "2019.07.15"]
[SourceVersion "1"]
[SourceVersionDate "2019.07.15"]
[SourceQuality "1"]

1. b4 e5 2. Bb2 Bxb4 3. Bxe5 Nf6 4. e3 Nc6 5. Bb2 d5 6. a3 Be7 7. c4 Bf5 8. cxd5 Qxd5 9. Nc3 Qd7 10. Be2 0-0 11. Nf3 Bd3 12. 0-0 Rad8 13. Bxd3 Qxd3 14. Ne2 Ne4 15. Nf4 Qd6 16. d4 Ng5 17. Nxg5 Bxg5 18. Nh3 Bf6 19. Qh5 Qd5 20. Qxd5 Rxd5 21. a4 a5 22. Nf4 Rdd8 23. Rfc1 g5 24. Nh5 Bh8 25. Ba3 Rfe8 26. Rab1 1/2-1/2

[Event "Berlin Lichtenberger op 17th"]
[Site "Berlin"]
[Date "2018.08.23"]
[Round "6"]
[White "Poeltelt, Helmut"]
[Black "Morczynski, Ryszard"]
[Result "1-0"]
[WhiteElo "1714"]
[BlackElo "1284"]
[PlyCount "65"]
[EventDate "2018.08.18"]
[EventType "swiss"]
[EventRounds "9"]
[EventCountry "GER"]
[SourceTitle "CBM 186 Extra"]
[Source "ChessBase"]
[SourceDate "2018.08.24"]
[SourceVersion "1"]
[SourceVersionDate "2018.08.24"]
[SourceQuality "1"]

1. e4 g6 2. d4 Bg7 3. f4 d6 4. Nf3 c5 5. Bb5+ Bd7 6. Bxd7+ Nxd7 7. c3 h5 8. Qb3 Qb6 9. Be3 Qxb3 10. axb3 Nh6 11. h3 0-0 12. 0-0 a6 13. Nbd2 b5 14. Ng5 Rfe8 15. b4 cxb4 16. cxb4 e6 17. Rfc1 f6 18. Ngf3 Bf8 19. Rc7 Nb8 20. Nb3 Be7 21. f5 Bd8 22. Rc8 Kf7 23. fxe6+ Kxe6 24. Bxh6 g5 25. h4 Kd7 26. Rac1 Ke6 27. hxg5 fxg5 28. Bxg5 Kd7 29. Bxd8 Rxd8 30. R1c7+ Ke8 31. Rxd8+ Kxd8 32. Rh7 Nc6 33. Rh8+ 1-0

[Event "Berlin-ch Seniors op 34th"]
[Site "Berlin"]
[Date "2018.02.07"]
[Round "8"]
[White "Andress, Silvio"]
[Black "Poeltelt, Helmut"]
[Result "1/2-1/2"]
[WhiteElo "1683"]
[BlackElo "1762"]
[PlyCount "123"]
[EventDate "2018.01.30"]
[EventType "swiss"]
[EventRounds "9"]
[EventCountry "GER"]
[SourceTitle "EXT 2020"]
[Source "ChessBase"]
[SourceDate "2019.10.17"]
[SourceVersion "1"]
[SourceVersionDate "2019.10.17"]
[SourceQuality "1"]

1. Nf3 f5 2. b4 d6 3. c4 e5 4. e3 Nf6 5. Bb2 Be7 6. Nc3 c6 7. a4 Nbd7 8. Qc2 e4 9. Nd4 Ne5 10. Be2 0-0 11. f4 exf3 12. Nxf3 Nfg4 13. g3 Nxf3+ 14. Bxf3 Ne5 15. Be2 Be6 16. Nd1 Bf6 17. Nf2 d5 18. Bxe5 Bxe5 19. d4 Bd6 20. c5 Bc7 21. Nd3 Qg5 22. Nf4 Bd7 23. 0-0 Qe7 24. Ng2 g5 25. Bd3 Qe6 26. Rf2 Rf6 27. Raf1 Raf8 28. b5 h5 29. bxc6 bxc6 30. Qe2 Be8 31. Rb1 f4 32. exf4 Qxe2 33. Rxe2 gxf4 34. gxf4 Bxf4 35. Nxf4 Rxf4 36. Rg2+ Rg4 37. Rxg4+ hxg4 38. Rf1 Bd7 39. Rxf8+ Kxf8 40. Kf2 Kf7 41. Kg3 Kf6 42. Kf4 a5 43. Be2 Bf5 44. Bd1 Kg6 45. Bxg4 Bc2 46. Ke5 Kg5 47. h3 Bxa4 48. Bf5 Bb5 49. Bb1 a4 50. Kd6 Kh4 51. Ke5 Kxh3 52. Kf4 Kg2 53. Ke3 Kf1 54. Kd2 Kf2 55. Kc3 Ke3 56. Ba2 a3 57. Bb3 Bc4 58. Ba4 a2 59. Kb2 Kxd4 60. Bxc6 Kxc5 61. Bxd5 Bxd5 62. Ka1 1/2-1/2

[Event "Berlin-ch Seniors op 34th"]
[Site "Berlin"]
[Date "2018.02.06"]
[Round "7"]
[White "Poeltelt, Helmut"]
[Black "Schroeder, Ralf"]
[Result "1/2-1/2"]
[WhiteElo "1762"]
[BlackElo "1630"]
[PlyCount "42"]
[EventDate "2018.01.30"]
[EventType "swiss"]
[EventRounds "9"]
[EventCountry "GER"]
[SourceTitle "EXT 2020"]
[Source "ChessBase"]
[SourceDate "2019.10.17"]
[SourceVersion "1"]
[SourceVersionDate "2019.10.17"]
[SourceQuality "1"]

1. e4 c5 2. Nf3 Nc6 3. d4 d6 4. d5 Nb8 5. Bb5+ Bd7 6. Qd3 g6 7. 0-0 Bg7 8. Re1 Qb6 9. Na3 a6 10. Bxd7+ Nxd7 11. Nc4 Qc7 12. a4 0-0-0 13. a5 Ngf6 14. e5 Nxe5 15. Nfxe5 dxe5 16. Qh3+ Nd7 17. Bg5 Bf6 18. Bxf6 exf6 19. Nb6+ Kb8 20. Nxd7+ Qxd7 21. Qxd7 Rxd7 1/2-1/2

[Event "Berlin-ch Seniors op 34th"]
[Site "Berlin"]
[Date "2018.02.01"]
[Round "3"]
[White "Poeltelt, Helmut"]
[Black "Beran, Rolf Dietrich"]
[Result "0-1"]
[WhiteElo "1762"]
[BlackElo "1909"]
[PlyCount "92"]
[EventDate "2018.01.30"]
[EventType "swiss"]
[EventRounds "9"]
[EventCountry "GER"]
[SourceTitle "EXT 2020"]
[Source "ChessBase"]
[SourceDate "2019.10.17"]
[SourceVersion "1"]
[SourceVersionDate "2019.10.17"]
[SourceQuality "1"]

1. e4 d6 2. d4 Nf6 3. Nc3 Nbd7 4. Bb5 c6 5. Bd3 e5 6. Nf3 h6 7. h3 Be7 8. Be3 Qc7 9. Qd2 a5 10. a4 Nf8 11. 0-0-0 Rb8 12. g4 g5 13. Bc4 Bd7 14. Qe2 Ne6 15. d5 Nf4 16. Bxf4 gxf4 17. g5 hxg5 18. Nxg5 Nxd5 19. Nxd5 cxd5 20. Nxf7 Kxf7 21. Bxd5+ Ke8 22. b3 b5 23. axb5 Rxb5 24. Be6 Rc5 25. Bg4 Qb7 26. Kb2 a4 27. Bxd7+ Kxd7 28. Ra1 axb3 29. cxb3 Rh4 30. f3 Rb5 31. Qc4 Rh8 32. Qa4 Rb8 33. Rhc1 Kd8 34. Rc3 Rb4 35. Qa5+ Ke8 36. Ra3 Qb6 37. Qxb6 R4xb6 38. Ra4 Kd7 39. Ra7+ R8b7 40. Rxb7+ Rxb7 41. Rc1 Rb4 42. Rc4 Rxc4 43. bxc4 Kc6 44. Kc2 Kc5 45. Kc3 Bh4 46. Kd3 Kb4 0-1

[Event "GER-chB Seniors 29th"]
[Site "Berlin"]
[Date "2017.08.16"]
[Round "9"]
[White "Poeltelt, Helmut"]
[Black "Schefter, Juergen"]
[Result "0-1"]
[WhiteElo "1735"]
[BlackElo "1870"]
[PlyCount "82"]
[EventDate "2017.08.07"]
[EventType "swiss"]
[EventRounds "9"]
[EventCountry "GER"]
[SourceTitle "EXT 2019"]
[Source "ChessBase"]
[SourceDate "2018.10.10"]
[SourceVersion "1"]
[SourceVersionDate "2018.10.10"]
[SourceQuality "1"]

1. e4 e5 2. Nf3 Nc6 3. Bb5 a6 4. Ba4 d6 5. c3 Bd7 6. d4 g6 7. dxe5 dxe5 8. 0-0 Bg7 9. Qe2 Nge7 10. Bg5 0-0 11. Rd1 Qe8 12. Qd2 Rd8 13. Na3 f6 14. Bb3+ Kh8 15. Bh4 Be6 16. Qc2 Bg4 17. Rxd8 Qxd8 18. Rd1 Qe8 19. Rd3 g5 20. Bg3 Qh5 21. h3 Bc8 22. Qd2 Bh6 23. Qe1 g4 24. hxg4 Bxg4 25. Nh2 Bc8 26. Bd1 Qf7 27. b3 f5 28. f3 Ng6 29. Be2 Rg8 30. Rd1 Be3+ 31. Bf2 Nf4 32. Bf1 Nh3+ 33. Kh1 Nxf2+ 34. Kg1 Ng4+ 35. Kh1 Nf2+ 36. Kg1 Nxd1+ 37. Kh1 Nf2+ 38. Kg1 f4 39. Bc4 Qg7 40. Bxg8 Nxe4+ 41. Kf1 Ng3+ 0-1

[Event "Berlin-ch Seniors op 33rd"]
[Site "Berlin"]
[Date "2017.02.06"]
[Round "6"]
[White "Poeltelt, Helmut"]
[Black "Langer, Guenter"]
[Result "1/2-1/2"]
[WhiteElo "1726"]
[BlackElo "1847"]
[PlyCount "77"]
[EventDate "2017.01.31"]
[EventType "swiss"]
[EventRounds "9"]
[EventCountry "GER"]
[SourceTitle "EXT 2019"]
[Source "ChessBase"]
[SourceDate "2018.10.10"]
[SourceVersion "1"]
[SourceVersionDate "2018.10.10"]
[SourceQuality "1"]

1. e4 c6 2. d4 d5 3. Nc3 dxe4 4. Nxe4 Nf6 5. Ng3 e5 6. Be3 Qc7 7. Bc4 Bd6 8. N1e2 0-0 9. c3 Nd5 10. Bxd5 cxd5 11. dxe5 Bxe5 12. Qxd5 Nc6 13. 0-0 Be6 14. Qf3 Rad8 15. Nf4 Bc4 16. Rfe1 Rfe8 17. Nge2 g6 18. h3 Bg7 19. b3 Ne5 20. Qg3 Bb5 21. Rac1 Ba6 22. c4 b6 23. Nc3 Bb7 24. Nfd5 Qc6 25. Bf4 Nd7 26. Ne7+ Rxe7 27. Rxe7 Bxc3 28. Rxc3 Nf6 29. Rc1 Nh5 30. Qf3 Nxf4 31. Rxb7 Qxf3 32. gxf3 Ne2+ 33. Kg2 Nxc1 34. Rxa7 Rd2 35. Ra6 Rxa2 36. Rxb6 Nd3 37. b4 Rxf2+ 38. Kg3 Rb2 39. b5 1/2-1/2

[Event "Berlin-ch Seniors op 33rd"]
[Site "Berlin"]
[Date "2017.02.02"]
[Round "3"]
[White "Poeltelt, Helmut"]
[Black "Rehder, Frank"]
[Result "1-0"]
[WhiteElo "1726"]
[BlackElo "1877"]
[PlyCount "35"]
[EventDate "2017.01.31"]
[EventType "swiss"]
[EventRounds "9"]
[EventCountry "GER"]
[SourceTitle "EXT 2019"]
[Source "ChessBase"]
[SourceDate "2018.10.10"]
[SourceVersion "1"]
[SourceVersionDate "2018.10.10"]
[SourceQuality "1"]

1. e4 d6 2. d4 g6 3. f4 Bg7 4. Nf3 Nf6 5. Nc3 0-0 6. Bd3 Nbd7 7. 0-0 c6 8. Qe2 b5 9. e5 dxe5 10. fxe5 Ne8 11. e6 Ndf6 12. exf7+ Rxf7 13. Ng5 Rf8 14. Ne6 Bxe6 15. Qxe6+ Kh8 16. Be3 Nd6 17. Ne2 Qd7 18. Rxf6 1-0

[Event "Berlin-ch Seniors op 33rd"]
[Site "Berlin"]
[Date "2017.01.31"]
[Round "1"]
[White "Paul, Reinhart"]
[Black "Poeltelt, Helmut"]
[Result "1-0"]
[WhiteElo "2033"]
[BlackElo "1726"]
[PlyCount "95"]
[EventDate "2017.01.31"]
[EventType "swiss"]
[EventRounds "9"]
[EventCountry "GER"]
[SourceTitle "EXT 2019"]
[Source "ChessBase"]
[SourceDate "2018.10.10"]
[SourceVersion "1"]
[SourceVersionDate "2018.10.10"]
[SourceQuality "1"]

1. e4 c5 2. c3 d5 3. exd5 Qxd5 4. d4 cxd4 5. cxd4 Nc6 6. Nf3 e6 7. Nc3 Qd8 8. Bb5 Bd7 9. 0-0 Nf6 10. Re1 Be7 11. Qe2 0-0 12. d5 Nb4 13. Bxd7 Qxd7 14. dxe6 fxe6 15. a3 Nc6 16. Qxe6+ Qxe6 17. Rxe6 Bc5 18. Be3 Bxe3 19. Rxe3 Rae8 20. Rae1 Rxe3 21. Rxe3 Re8 22. h3 h6 23. Rxe8+ Nxe8 24. b4 a6 25. Ne4 Kf7 26. Kf1 Ke7 27. Ke2 Nd6 28. Nxd6 Kxd6 29. Kd3 b5 30. Nd4 Ne7 31. Ke4 g6 32. f4 Nd5 33. Ne2 Nf6+ 34. Kd4 h5 35. g3 Nd7 36. Nc3 Kc6 37. Nd5 Kd6 38. g4 hxg4 39. hxg4 Nf8 40. f5 gxf5 41. gxf5 Nd7 42. Nc3 Kc6 43. Ne4 Kb6 44. f6 a5 45. f7 axb4 46. axb4 Kc6 47. Nc5 Nf8 48. Ke5 1-0

[Event "Berlin Lichtenberger op 15th"]
[Site "Berlin"]
[Date "2016.08.20"]
[Round "8"]
[White "Krusemark, Gerhard"]
[Black "Poeltelt, Helmut"]
[Result "1-0"]
[WhiteElo "1795"]
[BlackElo "1749"]
[PlyCount "111"]
[EventDate "2016.08.13"]
[EventType "swiss"]
[EventRounds "9"]
[EventCountry "GER"]
[SourceTitle "CBM 173 Extra"]
[Source "ChessBase"]
[SourceDate "2016.08.29"]
[SourceVersion "1"]
[SourceVersionDate "2016.08.29"]
[SourceQuality "1"]

1. e4 c5 2. Nc3 d6 3. f4 Nf6 4. h3 e6 5. Bb5+ Bd7 6. Bxd7+ Nbxd7 7. Nf3 Be7 8. 0-0 a6 9. d3 Nb6 10. e5 Nfd5 11. Ne4 Qd7 12. c4 Nb4 13. a3 Nc6 14. Be3 0-0-0 15. exd6 Bxd6 16. Nxc5 Bxc5 17. Bxc5 Qc7 18. b3 Nd7 19. Be3 f6 20. b4 Ne7 21. Nd4 Nf8 22. Qf3 e5 23. fxe5 fxe5 24. Qg4+ Kb8 25. Rxf8 Rdxf8 26. Ne6 Qc8 27. Nxf8 Qxg4 28. hxg4 Rxf8 29. Bc5 Rf7 30. Bd6+ Kc8 31. Bxe5 Ng6 32. Bg3 Nf4 33. Bxf4 Rxf4 34. Rd1 Rxg4 35. d4 Rf4 36. Rd3 Kc7 37. g3 Rg4 38. Kg2 g5 39. Kf3 h5 40. c5 b5 41. d5 Rc4 42. Re3 Kd7 43. d6 Kd8 44. Ke2 Rd4 45. Re5 Rg4 46. Kf3 Kd7 47. Re7+ Kd8 48. Ra7 Rd4 49. Rxa6 Rd3+ 50. Ke4 Rxg3 51. c6 Ke8 52. Ra8+ Kf7 53. d7 h4 54. d8Q h3 55. Ra7+ Kg6 56. Qd6+ 1-0

[Event "Berlin Lichtenberger op 15th"]
[Site "Berlin"]
[Date "2016.08.18"]
[Round "6"]
[White "Woinowski, Michael"]
[Black "Poeltelt, Helmut"]
[Result "1-0"]
[WhiteElo "1734"]
[BlackElo "1749"]
[PlyCount "118"]
[EventDate "2016.08.13"]
[EventType "swiss"]
[EventRounds "9"]
[EventCountry "GER"]
[SourceTitle "CBM 173 Extra"]
[Source "ChessBase"]
[SourceDate "2016.08.29"]
[SourceVersion "1"]
[SourceVersionDate "2016.08.29"]
[SourceQuality "1"]

1. e4 c5 2. Nc3 d6 3. f4 Nf6 4. Nf3 e6 5. Bb5+ Nc6 6. 0-0 Be7 7. d3 0-0 8. Bxc6 bxc6 9. Qe1 Ne8 10. e5 d5 11. Na4 Ba6 12. b3 Bb5 13. Nb2 a5 14. c4 Ba6 15. Bd2 Bb7 16. Na4 h6 17. Rd1 d4 18. Bc1 Nc7 19. Ba3 Na6 20. Bc1 Nb8 21. Qg3 Nd7 22. f5 Kh8 23. f6 Nxf6 24. exf6 Bxf6 25. Nxc5 Bc8 26. Ne4 Be7 27. Ne5 Qe8 28. c5 Kh7 29. Nc4 f6 30. Ncd6 Qd8 31. Rde1 f5 32. Nxc8 Bh4 33. Qd6 Bxe1 34. Qxd8 Rxd8 35. Nb6 Ra7 36. Nd6 Bh4 37. g3 Bf6 38. Bb2 g6 39. Re1 e5 40. Nbc4 e4 41. dxe4 fxe4 42. Rxe4 a4 43. b4 Rf8 44. Bxd4 Bxd4+ 45. Rxd4 g5 46. b5 cxb5 47. Nxb5 Raf7 48. Ne3 Re8 49. Nd6 Rd8 50. Nxf7 Rxd4 51. c6 Rd3 52. c7 Rc3 53. Nd5 Rc6 54. Nd6 Rxd6 55. c8Q Rg6 56. Qd7+ Rg7 57. Qf5+ Kh8 58. Qf8+ Kh7 59. Qxg7+ Kxg7 1-0

[Event "Berlin Lichtenberger op 15th"]
[Site "Berlin"]
[Date "2016.08.16"]
[Round "4"]
[White "Schmalzried, Volker"]
[Black "Poeltelt, Helmut"]
[Result "1-0"]
[WhiteElo "1870"]
[BlackElo "1749"]
[PlyCount "103"]
[EventDate "2016.08.13"]
[EventType "swiss"]
[EventRounds "9"]
[EventCountry "GER"]
[SourceTitle "CBM 173 Extra"]
[Source "ChessBase"]
[SourceDate "2016.08.29"]
[SourceVersion "1"]
[SourceVersionDate "2016.08.29"]
[SourceQuality "1"]

1. c4 f5 2. Nc3 Nf6 3. g3 g6 4. Bg2 Bg7 5. Nf3 d6 6. d4 c6 7. 0-0 0-0 8. Bg5 h6 9. Bf4 Qe8 10. Rc1 g5 11. Bd2 e5 12. d5 e4 13. Ne1 Ng4 14. e3 Ne5 15. b3 g4 16. dxc6 bxc6 17. Ne2 Nf3+ 18. Bxf3 gxf3 19. Nf4 Nd7 20. Bc3 Bxc3 21. Rxc3 Qe5 22. Rc2 Kh7 23. Qd4 Ba6 24. Rd2 Rf6 25. Nc2 c5 26. Qd5 Nb6 27. Qxe5 dxe5 28. Nd5 Rd6 29. Rfd1 Re6 30. Nc7 Ree8 31. Nxa6 Rac8 32. b4 Re7 33. Nxc5 Nxc4 34. Rd7 Rc7 35. Rxc7 Rxc7 36. Rd7+ Rxd7 37. Nxd7 Kg6 38. Nb8 Nd6 39. Nc6 Nc4 40. Nxa7 Kg5 41. b5 f4 42. gxf4+ exf4 43. exf4+ Kxf4 44. Nc8 Na5 45. Ne3 Nb7 46. Kf1 Nc5 47. b6 Ke5 48. Ng4+ Kd5 49. Nxh6 Kc6 50. Ng4 Kb7 51. Nd6+ Kxb6 52. Nf6 1-0